Water chemistry of Shoal Creek and Waller Creek, Austin, Texas, and potential sources of nitrate /

Bibliographic Details
Main Author: Ging, Patricia B.
Corporate Authors: Austin (Tex.), Geological Survey (U.S.)
Other Authors: Lee, Roger W., Silva, Steven R.
Format: Government Document Book
Language:English
Published: Austin, Tex. : U.S. Dept. of the Interior, U.S. Geological Survey ; 1996.
Series:Water-resources investigations report ; 96-4167.
Subjects:

MARC

Tag First Indicator Second Indicator Subfields
LEADER 00000cam a2200000 a 4500
001 in00001404516
005 20151020052249.0
008 961204s1996 txuab b f000 0 eng d
035 |a (OCoLC)36030475 
035 |9 AHM3406AM 
040 |a GIS  |c GIS  |d MIA  |d AGL  |d GPO  |d TXA  |d UtOrBLW 
043 |a n-us-tx 
049 |a TXAO 
070 0 |a GB701.W375  |b no.96-4167 
072 0 |a W000 
074 |a 0624-B 
086 0 |a I 19.42/4:96-4167 
090 |a GB701  |b .W375 no. 96-4167 
100 1 |a Ging, Patricia B. 
245 1 0 |a Water chemistry of Shoal Creek and Waller Creek, Austin, Texas, and potential sources of nitrate /  |c by Patricia B. Ging, Roger W. Lee, and Steven R. Silva ; prepared in cooperation with the city of Austin. 
264 1 |a Austin, Tex. :  |b U.S. Dept. of the Interior, U.S. Geological Survey ;  |c 1996. 
264 2 |a Denver, CO :  |b Branch of Information Services [distributor], 
300 |a iv, 24 pages :  |b illustrations (some color), maps (some color) ;  |c 28 cm. 
336 |a text  |b txt  |2 rdacontent 
337 |a unmediated  |b n  |2 rdamedia 
338 |a volume  |b nc  |2 rdacarrier 
490 1 |a Water-resources investigations report ;  |v 96-4167 
500 |a Shipping list number: 97-0071-P. 
504 |a Includes bibliographical references (page 20). 
650 0 |a Water  |x Nitrogen content  |z Texas  |z Austin Region. 
650 0 |a Water  |x Pollution  |z Texas  |z Shoal Creek (Austin) 
650 0 |a Water  |x Pollution  |z Texas  |z Waller Creek. 
700 1 |a Lee, Roger W. 
700 1 |a Silva, Steven R. 
710 1 |a Austin (Tex.) 
710 2 |a Geological Survey (U.S.) 
830 0 |a Water-resources investigations report ;  |v 96-4167. 
999 |a MARS 
999 f f |s 9c29648a-6712-3462-89c8-019418249d69  |i 5614acf1-0ec8-35c7-aef3-8ff2eb00a3c5  |t 0 
952 f f |p normal  |a Texas A&M University  |b College Station  |c Sterling C. Evans Library  |d Evans: US Documents (Annex 5th floor)  |t 0  |e I 19.42/4:96-4167  |h Superintendent of Documents classification  |i unmediated -- volume  |m A14822820499 
998 f f |a I 19.42/4:96-4167  |t 0  |l Evans: US Documents (Annex 5th floor)